000 00365pam a2200157a 44500
008 230515b1985 xxu||||| |||| 00| 0 eng d
020 _aNULL
041 _aENGLISH
082 _aN.D.
100 _a"Wylie C. Ray , Barvit Louis"
245 _aAdvanced Engineering Maths
250 _a0
260 _aNULL
_bMcgraw Hill
_c1985
300 _a1103
650 _aNULL
999 _c570760
_d570760